| 000 | 01095nam a2200277 i 4500 | ||
|---|---|---|---|
| 001 | 50456 | ||
| 003 | ES-MaACL | ||
| 005 | 20250307100154.0 | ||
| 007 | t| | ||
| 008 | 030804s1960 sp d |||| | spa d | ||
| 100 | 1 |
_aCuyás Armengol, Arturo. _9148645 |
|
| 245 | 1 | 0 |
_aGran diccionario Cuyás : _binglés-español, español-inglés / _cpor Arturo y Antonio Cuyás. |
| 250 | _aNueva ed. corr. y aum. por Mauricio Bohigas y Rosell. | ||
| 260 |
_aBarcelona : _bHymsa, _c1960. |
||
| 300 |
_a2 t. en 1 v. ; _c23 cm. |
||
| 650 | 0 | 4 |
_aLengua inglesa- _vDiccionarios- _xEspañol. _914270 |
| 650 | 0 | 4 |
_aLengua española- _vDiccionarios- _xInglés. _914142 |
| 700 | 1 |
_aCuyás Armengol, Antonio. _9148646 |
|
| 700 | 1 |
_aBohigas y Rosell, Mauricio. _929822 |
|
| 852 | 4 |
_aES-MaACL _jG-16095 _952381 _cDEPO2 _dOlim: A-5385 |
|
| 852 | 4 |
_aES-MaACL _jG-16094 _bR.55151 _cDEPO2 _dOlim: A-5387 _952379 |
|
| 852 | 4 |
_aES-MaACL _jG-16093 _bR.55148 _952380 _cDEPO2 _dOlim: A-5407 |
|
| 852 | 4 |
_aES-MaACL _jG-16096 _bR.79208 _cDEPO2 _dOlim: A-5480 _952383 |
|
| 942 |
_2udc _cMONOGRAFIA _n0 |
||
| 999 |
_c50456 _d50456 |
||